000 00862cam a22002651 4500
001 29861
003 BD-RjUL
005 20211209051455.0
008 140407r19621943nyu 001 0 eng d
035 _a(BD-RjUL)29946
040 _aDLC
_cDLC
_dDLC
_dBD-RjUL
_beng
041 _aeng
082 0 0 _a649.122
_bRIR 1962
100 1 _aRibble, Margaret A.
_q(Margaret Antoinette),
_d1890-
_990858
245 1 4 _aThe rights of infants :
_bearly psychological needs and their satisfaction /
_cby Margaret A. Ribble.
260 _aNew York :
_bColumbia University Press,
_c1948 [Reprinted 1962]
300 _aviii, 148 p. ;
_c20 cm.
504 _aIncludes Index
650 0 _aInfant psychology.
_95509
650 0 _aInfants
_xCare.
_945896
650 0 _aChild mental health
_xEvaluation.
_990859
942 _2ddc
_cBK
999 _c29861
_d29861